|
|
|
|
| LEADER |
00000nab a2200000ua 4500 |
| 001 |
vtls010777402 |
| 003 |
SK-MaSNL |
| 005 |
20260303123419.0 |
| 008 |
230214s1977 xo |||||||||||||||||cze| |
| 035 |
|
|
|a (urnnbn)urn:nbn:sk:snk:ar-a03lna
|
| 035 |
|
|
|a (uuid)75feab60-2cf4-4d8b-b6ef-147b8001acb7
|
| 035 |
|
|
|a urn:nbn:sk:snk-ab5cz9
|
| 040 |
|
|
|a SNKBUCL
|b slo
|c SNKBUCL
|e AACR2
|
| 041 |
0 |
|
|a cze
|
| 044 |
|
|
|a xo
|c SK
|
| 100 |
1 |
|
|a Kramář, Jaroslav
|4 aut
|9 1139174
|
| 245 |
1 |
0 |
|a PEROXIDÁZOU OZNAČENÉ PROTILÁTKY V SÉROLOGICKÉ DIAGNOSTICE TOXOPLAZMÓZY
|c Jaroslav Kramář, Václav Kozojed
|
| 700 |
1 |
|
|a Kozojed, Václav
|4 aut
|9 1139175
|
| 773 |
0 |
|
|t Bratislavské lekárske listy
|g Roč. 68, č. 1 (1977), s. 9-14
|
| 954 |
|
|
|a odborná, vedecká literatúra cudzojazyčná (svetová)
|2 lita
|
| 958 |
|
|
|a OND
|
| 958 |
|
|
|a EUIPO
|
| 958 |
|
|
|a article3
|
| 999 |
|
|
|c 1925776
|d 1927706
|